Normal view
MARC view
Entry Meeting Name
001 - CONTROL NUMBER
- control field: 35276
003 - CONTROL NUMBER IDENTIFIER
- control field: OSt
005 - DATE AND TIME OF LATEST TRANSACTION
- control field: 20211105135730.0
008 - FIXED-LENGTH DATA ELEMENTS
- fixed length control field: 211105|| aca||aabn | a|a d
040 ## - CATALOGING SOURCE
- Original cataloging agency: OSt
- Transcribing agency: OSt
111 ## - HEADING--MEETING NAME
- Meeting name or jurisdiction name as entry element: International Conference on Diffuse Relativistic Plasmas
- Location of meeting: Bangalore
- Date of meeting or treaty signing: 2011 Mar. 1-4
670 ## - SOURCE DATA FOUND
- Source citation: Work cat.: (OSt): International Conference on Diffuse Relativistic Plasmas Bangalore 2011 Mar. 1-4, Diffuse relativistic plasmas, 2012